000
00202nam a2200085Ia 4500
008
170620s9999 xx 000 0 und d
100
_a
Bentham- Jeremy
245
4
_a
The theory of legislation
260
_b
Lexis Nexis
260
_c
2008
999
_c
29348
_d
29348